000 00752nam a2200217Ia 4500
008 150520s9999 xx 000 0 und d
050 _aRC 531
050 _b.A287 2015
100 _aAburayyan, Iman P.
245 4 _aThe effectiveness of technology-based distraction in reducing the level of anxiety among children visiting the doctor /
245 _cIman P. Aburayyan, Kurt Vernon Beaty, Rex D. Calimlim, Christalle Chanel P. Gaelon, Judelle R. Ludovice.
260 _aLas PiƱas, Philippines :
260 _bSISC,
260 _c2015.
300 _a85 pages :
300 _billustrations (some color) ;
300 _c28 cm.
500 _aIncludes bibliographical references and appendices.
650 _aAnxiety
650 _xTreatment
999 _c284034
_d284034